| 000 -LEADER |
| fixed length control field |
02031cam a22004937a 4500 |
| 001 - CONTROL NUMBER |
| control field |
17122314 |
| 003 - CONTROL NUMBER IDENTIFIER |
| control field |
OSt |
| 005 - DATE AND TIME OF LATEST TRANSACTION |
| control field |
20180116192426.0 |
| 008 - FIXED-LENGTH DATA ELEMENTS--GENERAL INFORMATION |
| fixed length control field |
120106s2011 gw ab b 000 0 ger d |
| 010 ## - LIBRARY OF CONGRESS CONTROL NUMBER |
| LC control number |
2011525851 |
| 015 ## - NATIONAL BIBLIOGRAPHY NUMBER |
| National bibliography number |
11,N35 |
| Source |
dnb |
| 020 ## - INTERNATIONAL STANDARD BOOK NUMBER |
| International Standard Book Number |
9783920034584 |
| 020 ## - INTERNATIONAL STANDARD BOOK NUMBER |
| International Standard Book Number |
9783920034577 |
| 035 ## - SYSTEM CONTROL NUMBER |
| System control number |
(OCoLC)ocn773941375 |
| 040 ## - CATALOGING SOURCE |
| Original cataloging agency |
ORU |
| Transcribing agency |
ORU |
| Modifying agency |
ORU |
| -- |
DEBBG |
| -- |
OCLCO |
| -- |
DLC |
| 042 ## - AUTHENTICATION CODE |
| Authentication code |
lccopycat |
| 043 ## - GEOGRAPHIC AREA CODE |
| Geographic area code |
e-gx--- |
| 050 00 - LIBRARY OF CONGRESS CALL NUMBER |
| Classification number |
NA1088.S325 |
| Item number |
A4 2011 |
| 082 ## - DEWEY DECIMAL CLASSIFICATION NUMBER |
| Classification number |
721.092 |
| 084 ## - OTHER CLASSIFICATION NUMBER |
| Classification number |
ZH 4800 |
| Number source |
rvk |
| 245 00 - TITLE STATEMENT |
| Title |
Schlaich Bergermann und Partner / |
| Statement of responsibility, etc. |
[mit Beiträgen von Annette Bögle ... [et al.] ; interviews mit Wasem Ajmail ... [et al.] ; Redaktion, Cornelia Hellstern ... [et al.]]. |
| 250 ## - EDITION STATEMENT |
| Edition statement |
1. Aufl. |
| 260 ## - PUBLICATION, DISTRIBUTION, ETC. |
| Place of publication, distribution, etc. |
München : |
| Name of publisher, distributor, etc. |
Detail : |
| -- |
Institut für internationale Architektur-Dokumentation, |
| Date of publication, distribution, etc. |
2011. |
| 300 ## - PHYSICAL DESCRIPTION |
| Extent |
136 p. : |
| Other physical details |
ill. (some col.), col. map ; |
| Dimensions |
30 cm. |
| 490 1# - SERIES STATEMENT |
| Series statement |
Detail engineering ; |
| Volume/sequential designation |
1 |
| 504 ## - BIBLIOGRAPHY, ETC. NOTE |
| Bibliography, etc. note |
Includes bibliographical references (p. 136). |
| 505 0# - FORMATTED CONTENTS NOTE |
| Formatted contents note |
Konstruktion und Form -- Material und Innovation -- Perspektiven und Synergien -- Kooperation und Verantwortung -- Didaktik der Tragwerke -- Projekte und Personen. |
| 610 20 - SUBJECT ADDED ENTRY--CORPORATE NAME |
| Corporate name or jurisdiction name as entry element |
Schlaich Bergermann und Partner. |
| 9 (RLIN) |
8026 |
| 650 #0 - SUBJECT ADDED ENTRY--TOPICAL TERM |
| Topical term or geographic name entry element |
Architecture, Modern |
| Chronological subdivision |
21st century. |
| 9 (RLIN) |
8027 |
| 650 #0 - SUBJECT ADDED ENTRY--TOPICAL TERM |
| Topical term or geographic name entry element |
Architecture, Modern |
| Chronological subdivision |
21st century |
| Form subdivision |
Designs and plans. |
| 9 (RLIN) |
8028 |
| 650 #0 - SUBJECT ADDED ENTRY--TOPICAL TERM |
| Topical term or geographic name entry element |
Stadiums |
| General subdivision |
Design and construction. |
| 9 (RLIN) |
8029 |
| 650 #0 - SUBJECT ADDED ENTRY--TOPICAL TERM |
| Topical term or geographic name entry element |
Structural design. |
| 9 (RLIN) |
8030 |
| 650 #0 - SUBJECT ADDED ENTRY--TOPICAL TERM |
| Topical term or geographic name entry element |
Structural engineering |
| Geographic subdivision |
Germany |
| -- |
Stuttgart. |
| 9 (RLIN) |
8031 |
| 700 1# - ADDED ENTRY--PERSONAL NAME |
| Personal name |
Bögle, Annette. |
| 9 (RLIN) |
8032 |
| 700 1# - ADDED ENTRY--PERSONAL NAME |
| Personal name |
Hellstern, Cornelia. |
| 9 (RLIN) |
8033 |
| 710 2# - ADDED ENTRY--CORPORATE NAME |
| Corporate name or jurisdiction name as entry element |
Schlaich Bergermann und Partner. |
| 9 (RLIN) |
8034 |
| 710 2# - ADDED ENTRY--CORPORATE NAME |
| Corporate name or jurisdiction name as entry element |
Institut für Internationale Architektur-Dokumentation. |
| 9 (RLIN) |
8035 |
| 830 #0 - SERIES ADDED ENTRY--UNIFORM TITLE |
| Uniform title |
Detail engineering ; |
| Volume/sequential designation |
1. |
| 9 (RLIN) |
8036 |
| 906 ## - LOCAL DATA ELEMENT F, LDF (RLIN) |
| a |
7 |
| b |
cbc |
| c |
copycat |
| d |
3 |
| e |
ncip |
| f |
20 |
| g |
y-gencatlg |
| 936 ## - OCLC/CONSER MISCELLANEOUS DATA (OCLC); PIECE USED FOR CATALOGING (pre-AACR2) (RLIN) |
| OCLC control number(s) of parallel record(s) (OCLC); Piece used for cataloging, PUC (RLIN) |
PR 767755443 |
| 942 ## - ADDED ENTRY ELEMENTS (KOHA) |
| Source of classification or shelving scheme |
|
| Koha item type |
Book |